000
00363nam a2200157Ia 4500
008
210716s2018 xx 000 0 und d
020
_a
9789386021106
041
_a
eng
082
_a
374.22 THAS
100
_a
Tharoor, Shashi.
245
_a
Why i am a hindu.
250
_a
1
260
_a
New Delhi
_c
2018
300
_a
xvi,302
650
_a
General Knowledge
999
_c
210437
_d
210437